JetPunk's 50 Most Popular Users - Statistics

General Stats
  • This quiz has been taken 3 times
  • The average score is 6 of 50
Answer Stats
Rank User % Correct
4 Stewart
100%
22 alberici
50%
6 Gamer1162
50%
8 Gassu
50%
5 Jerry928
50%
16 Jiaozira
50%
20 nichster
50%
3 Quizzer6794
50%
1 relessness
50%
2 scambigol
50%
17 skukka
50%
11 Aaron197
0%
48 BolyaiAnna
0%
26 buck1017
0%
15 CBTemple
0%
28 cosmokim
0%
42 Daigoro
0%
36 dub
0%
46 exotic
0%
50 Fouquets
0%
39 Freely
0%
19 Geoguy
0%
45 GeoPhilia
0%
37 gjcsarris
0%
25 HinesBrothers
0%
23 IAB
0%
44 Jato3
0%
29 joez
0%
41 jpedrocm
0%
13 kalbahamut
0%
32 katsudk
0%
38 Kestrana
0%
9 kiwirage
0%
7 KoljiVriVoda
0%
21 Kvkq
0%
12 LBA
0%
30 mac212121
0%
49 Macaco
0%
33 markjohan
0%
31 MattPunk
0%
27 miki2003
0%
43 mnachesterutd10
0%
34 PSTSCCH
0%
35 Quizgas
0%
14 SaturnPL
0%
24 scambiandJerry
0%
18 ThirdParty
0%
40 Tottenham63
0%
10 WolfCam
0%
47 zwizdan007
0%
No matching quizzes found
Score Distribution
Percent of People with Each Score
Percentile by Number Answered
Your Score History
You have not taken this quiz